000 00507nam a2200145 i 4500
001 165256
003 ES-MaACL
005 20230906213110.0
008 000114s1897 sp |||| | spa d
100 1 _aSerrano y Aguado, Gregorio F.
_9132671
245 1 0 _aVindicacion y protesta
_b: polémica sostenida con Don José Alfonso /
_cpor Gregorio F. Serrano y Aguado.
260 _aPalencia :
_b[s.n.],
_c1897 (
_fEst. Tip. de Abundio Z. Menéndez)
300 _a50 p. ;
_c20 cm.
852 _aES-MaACL
_j1674-F-16
999 _c165256
_d165256